Statistiques concernant Quizz Histoire Médiévale prt1

Cliquez ici pour prendre le quiz!

Statistiques générales

  • Ce quiz a été pris 91 fois
  • Le résultat moyen est 4 sur 15

Statistiques - réponses

HintRéponse% Correct
La chute de l'Empire Romain476
89%
Prise de Constantinople par Mehmet II1453
68%
Naissance de l'Islam622
38%
Charles Martel gagne la bataille de Poitiers732
38%
Concile de Nicée325
34%
Couronnement de Clovis 1er481
32%
Mort de Clovis511
26%
Edit de Milan par Constantin313
25%
Musulmans s'emparent de l'Espagne711
14%
Bataille de Vouillé507
11%
Mare nostrum est reconstitué et mort de Justinien565
9%
Batailles des "champs catalauniques"451
8%
1er royaume Romano-Barbare418
3%
Évangélisation des îles britanniques597
1%
Prise de Constantinople par les Musulmans718
0%

Distribution des résultats

Percentile par nombre de réponses

% des personnes avec chaque résultat

Votre développement - résultats

Vous n’avez pas pris ce quiz